| 000 | 00548nam a22001697a 4500 | ||
|---|---|---|---|
| 005 | 20231121124138.0 | ||
| 008 | 231121b |||||||| |||| 00| 0 eng d | ||
| 020 | _a8790730828 | ||
| 041 | _aEnglish | ||
| 082 | _a342.8 REP | ||
| 100 | _lEnglish | ||
| 245 | _aReport of the African Commission's Working Group of Experts on Indigenous Populations / Communities | ||
| 260 |
_aNorth America : _bTransaction Publishers, _c2005 |
||
| 300 |
_b121 pages ; _c22 cm. |
||
| 650 |
_aLegal practice _bLaw |
||
| 942 |
_cBK _6ALISON_BN_VRIES |
||
| 999 |
_c840 _d840 |
||